|
|
|
|
| LEADER |
00000nab a2200000uu 4500 |
| 001 |
vtls010897509 |
| 003 |
SK-MaSNL |
| 005 |
20260305023404.0 |
| 008 |
230222|1942 xo |||||||||||||||||slo| |
| 015 |
|
|
|a SNBRB
|
| 035 |
|
|
|a (urnnbn)urn:nbn:sk:snk:ar-006n2j
|
| 035 |
|
|
|a (uuid)dcf1311a-dab2-4e3e-b4c6-e32c8be5d35d
|
| 035 |
|
|
|a urn:nbn:sk:snk-ab8pwz
|
| 040 |
|
|
|a SNKBUCL
|b slo
|c SNKBUCL
|e AACR2
|
| 041 |
0 |
|
|a slo
|
| 044 |
|
|
|a xo
|c SK
|
| 100 |
1 |
|
|a Hrušovský, František,
|d 1903-1956
|4 aut
|9 42039
|
| 245 |
1 |
0 |
|a DANIEL RAPANT: PRIBYNOV NITRIANSKY KOSTOLÍK.
|c Fr. Hrušovský
|
| 773 |
0 |
|
|t Sborník Matice slovenskej
|g Roč. 20, č. 1-2 (1942), s. 138-140
|
| 954 |
|
|
|a odborná, vedecká literatúra pôvodná (slovenská)
|2 lita
|
| 958 |
|
|
|a OND
|
| 958 |
|
|
|a EUIPO
|
| 958 |
|
|
|a article10
|
| 999 |
|
|
|c 3296608
|d 3298538
|